Лазерная диагностика дисперсных частиц, формирующихся в постоянном магнитном поле; Изотопы: технологии, материалы и применение

Bibliografski detalji
Parent link:Изотопы: технологии, материалы и применение.— 2018.— [С. 41]
Glavni autor: Миклашевич Л. А.
Autor kompanije: Национальный исследовательский Томский политехнический университет Инженерная школа ядерных технологий Отделение ядерно-топливного цикла
Daljnji autori: Гамов Д. Л. Денис Леонидович (научный руководитель), Хорохорин Д. М., Хан В. А. Валерий Алексеевич
Sažetak:Заглавие с титульного экрана
Jezik:ruski
Izdano: 2018
Serija:Селекция веществ оптическими, электромагнитными, ИЦР, лазерными и плазменными методами. Диагностика и методы анализа веществ и примесей
Teme:
Online pristup:http://earchive.tpu.ru/handle/11683/52380
Format: MixedMaterials Elektronički Poglavlje knjige
KOHA link:https://koha.lib.tpu.ru/cgi-bin/koha/opac-detail.pl?biblionumber=628955

MARC

LEADER 00000naa2a2200000 4500
001 628955
005 20231101133534.0
035 |a (RuTPU)RU\TPU\conf\29329 
035 |a RU\TPU\conf\29303 
090 |a 628955 
100 |a 20190118d2018 k y0rusy50 ca 
101 0 |a rus 
102 |a RU 
105 |a y z 101zy 
135 |a drcn ---uucaa 
181 0 |a i  
182 0 |a b 
200 1 |a Лазерная диагностика дисперсных частиц, формирующихся в постоянном магнитном поле  |f Л. А. Миклашевич, Д. Л. Гамов, Д. М. Хорохорин  |g науч. рук. В. А. Хан 
203 |a Текст  |c электронный 
225 1 |a Селекция веществ оптическими, электромагнитными, ИЦР, лазерными и плазменными методами. Диагностика и методы анализа веществ и примесей 
230 |a 1 компьютерный файл (pdf; 452 Кб) 
300 |a Заглавие с титульного экрана 
463 0 |0 (RuTPU)RU\TPU\conf\29266  |t Изотопы: технологии, материалы и применение  |o материалы V Международной научной конференции молодых ученых, аспирантов и студентов, г. Томск, 19-23 ноября 2018 г.  |f Национальный исследовательский Томский политехнический университет (ТПУ)  |v [С. 41]  |d 2018 
610 1 |a электронный ресурс 
610 1 |a труды учёных ТПУ 
610 1 |a лазерная диагностика 
610 1 |a дисперсные частицы 
610 1 |a постоянные поля 
610 1 |a магнитные поля 
610 1 |a плазменные процессы 
610 1 |a изотопный эффект 
610 1 |a фазовые переходы 
700 1 |a Миклашевич  |b Л. А. 
701 1 |a Гамов  |b Д. Л.  |c физик  |c заместитель начальника Томского политехнического университета  |f 1987-  |g Денис Леонидович  |2 stltpush  |3 (RuTPU)RU\TPU\pers\37576 
701 1 |a Хорохорин  |b Д. М. 
702 1 |a Хан  |b В. А.  |c физик  |c доцент Томского политехнического университета, доктор технических наук  |f 1952-  |g Валерий Алексеевич  |2 stltpush  |4 727 
712 0 2 |a Национальный исследовательский Томский политехнический университет  |b Инженерная школа ядерных технологий  |b Отделение ядерно-топливного цикла  |h 7864  |2 stltpush  |3 (RuTPU)RU\TPU\col\23554 
801 2 |a RU  |b 63413507  |c 20190122  |g RCR 
856 4 |u http://earchive.tpu.ru/handle/11683/52380 
942 |c BK